LEADER 00994nam a2200193 i 4500 001 000000150916 003 CaOOAMICUS 005 20060619000000.0 008 060619s1992 it u000 u ita u 013 $a128254 040 $aSeMil$bita 245 10$aCostruire insieme un mondo unito :$bfatti di solidarietą fra uomini di culture diverse. Atti del Congresso (Castelgandolfo, 2-3 maggio 1992) 260 $a[S.l. :$bs.n.],$cstampa 1992$e(Roma :$fTipografia Cittą Nuova,$gstampa 1992) 300 $a216 p., [2] p. di tav. :$bill. ;$c20 cm. 650 4$aMovimento dei Focolari - Spiritualitą.$0(OLS)http://semarc/subject/19822 850 $aSeMil 852 $aSeMil$W1$xVenegono$y1$m598 755 *$j102973$B102973$CSeMilBibl$Z2$F112385 $81 996 $6245$aCostruire insieme un mondo unito :$bfatti di solidarietą fra uomini di culture diverse. Atti del Congresso (Castelgandolfo, 2-3 maggio 1992)$9(OLS)http://semarc/title/220602 996 $6260$a[S.l. :$bs.n.]$9(OLS)http://semarc/publisher/29751 LEADER 00655naa a2200169 i 4500 001 000000318433 003 CaOOAMICUS 005 20180831173247.0 008 180831n it u000 u ita u 013 $a27914 040 $aSeMil$bita 100 1 $aDemmer, Klaus,$c.$0(OLS)http://semarc/name/16464 245 10$aCristologia-Antropologia-Teologia morale. 650 4$aCristologia - Studi.$0(OLS)http://semarc/subject/282 650 4$aTeologia morale.$0(OLS)http://semarc/subject/91 650 4$aAntropologia teologica - Studi.$0(OLS)http://semarc/subject/17992 996 $6245$aCristologia-Antropologia-Teologia morale$9(OLS)http://semarc/title/392314